MDQL
is popping MORE tags! Check the
thread
!
Quizzes
Events
Quiz Creation
Community
Videos
Private Events
Remove Ads
Sign In
Join for FREE
Feedback
Dark Mode
Quiz Categories
Sports
Geography
Music
Movies
Television
Just For Fun
Miscellaneous
History
Literature
Language
Science
Gaming
Entertainment
Religion
Holiday
For Kids
Quiz Lab
Recent
Popular Today
Quiz Kudos Today
Editor Picks
Curator Picks
Quizzes by...
Day
Popularity
Type
Ratings
Length
Year
Community
Subscriptions
Recent Discussions
Orange Saloon
Badges
Playlists
Quests
Create
Leaderboards
Showdown
Live 5
Trivia Bingo
Activity
Puzzle Library
Sporcle Events
Private Events
Virtual Trivia
Globe League
Become a Host
Pub Owners
SporcleCon
Opinionation
Our Games
Videos
Blog
Mobile Apps
Partnerships
Remove Ads and Go Orange
Feedback
Music
Pop Music
The Beatles
Song
Album
Lyrics
Bands
Singers
Artist
Clip
Rock
Rap
Classical
Billboard
Country Music
Kpop
Taylor Swift
Music
Pop Music
The Beatles
Song
Album
Lyrics
Bands
Singers
Artist
Clip
Rock
Rap
Classical
Billboard
Country Music
Kpop
Taylor Swift
Random Quiz
Search Sporcle
×
Quiz Lab
Quiz Lab
Music
Song
Type in answers that appear in a list
Type in answers that appear in a list
Classic
Best Score? Go Orange.
Figure Out the Lyrics (Beatles 1) Stats
Can you name the the lyrics from this mystery Beatles's song?
By
jblanch
8m
191 Questions
911 Plays
911 Plays
911 Plays
Comments
Comments
Give Quiz Kudos
Give Quiz Kudos
-
- Ratings
hide this ad
Replay
Link that replays current quiz
Next Quiz
Link to next quiz in quiz playlist
You Got
0%
They Got
Avg Score
72%
Avg Friend Score
Upgrade to see
Score Distribution
Jump to the score distribution portion of the page
Score
0/191
Timer
08:00
0
Plays Today
% Correct
a
97.6%
a
97.6%
a
97.6%
a
97.6%
the
95.2%
the
95.2%
the
95.2%
the
95.2%
the
95.2%
the
95.2%
the
95.2%
the
95.2%
the
95.2%
the
95.2%
the
95.2%
the
95.2%
the
95.2%
the
95.2%
the
95.2%
the
95.2%
the
95.2%
the
95.2%
the
95.2%
the
95.2%
he
90.7%
he
90.7%
do
85.1%
do
85.1%
do
85.1%
do
85.1%
do
85.1%
do
85.1%
and
84.9%
in
84.6%
in
84.6%
in
84.6%
in
84.6%
in
84.6%
she
84.5%
is
84.3%
it
84.3%
where
80.6%
Where
80.6%
Where
80.6%
Where
80.6%
Where
80.6%
Where
80.6%
Where
80.6%
No
79.7%
no
79.7%
No
79.7%
her
79.4%
all
79%
all
79%
All
79%
they
79%
all
79%
All
79%
they
79%
all
79%
All
79%
they
79%
all
79%
All
79%
% Correct
they
79%
all
79%
all
79%
all
79%
All
79%
they
79%
all
79%
All
79%
they
79%
all
79%
at
76.6%
at
76.6%
at
76.6%
at
76.6%
at
76.6%
at
76.6%
from?
75.6%
from?
75.6%
from
75.6%
from
75.6%
from?
75.6%
for?
75.1%
come
74%
come
74%
come
74%
one
73.1%
one
73.1%
one
73.1%
people
72.8%
people
72.8%
people
72.8%
people
72.8%
people
72.8%
people
72.8%
people
72.8%
people
72.8%
people
72.8%
people
72.8%
that
72.6%
that
72.6%
look
71.9%
look
71.9%
Look
71.9%
look
71.9%
look
71.9%
lonely
71.6%
lonely
71.6%
lonely
71.6%
lonely
71.6%
when
71.6%
lonely
71.6%
lonely
71.6%
lonely
71.6%
lonely
71.6%
lonely
71.6%
lonely
71.6%
What
70.9%
of
70.8%
Who
69.8%
Eleanor
68.8%
Rigby
68.8%
has
68.8%
will
68.8%
Eleanor
68.8%
% Correct
Rigby
68.8%
was
68.5%
was
68.5%
been,
68.4%
his
67.8%
his
67.8%
there
67.7%
church
65.9%
church
65.9%
belong?
65.5%
belong?
65.5%
belong?
65.5%
him
64.7%
Father
64%
Father
64%
as
62.9%
up
62.8%
with
62.7%
wedding
62.3%
Ah,
62.2%
Ah,
62.2%
by
62.2%
Ah,
62.2%
Ah,
62.2%
hear
61.9%
does
60.7%
Mckenzie
59.7%
Mckenzie
59.7%
nobody
59.3%
Nobody
59.3%
came
58.2%
rice
56.2%
care?
56.2%
comes
56.1%
door
55.5%
near.
55.3%
sermon
55%
Lives
54.7%
picks
54.3%
died
54.2%
dream
54.1%
night
53.6%
buried
53.2%
keeps
52.8%
window,
52.7%
jar
52.7%
words
52.5%
writing
52%
name
51.9%
along
51.6%
working,
51.5%
face
51.4%
there's
51.3%
grave
50.8%
socks
49.6%
saved
49.1%
Waits
46.8%
dirt
46.7%
walks
46.2%
hands
45.9%
wearing
44.8%
darning
44.3%
wiping
43.8%
Quiz Playlist
Details
Report
Send in Message
Add To Playlist
Classic:
Type in answers that appear in a list
Last Updated: Feb 16, 2017
Quiz Scoreboard
CHALLENGE
Sign Up to Join the Scoreboard
Show All
Scores
Hide
Comments
May contain spoilers
Recently Published
1-10 Letter E Words III
by El_Dandy
Language
2m
Street Fighter Characters
by Artimus82
Gaming
60s
College Basketball Coaching Resumes
by pancakes188
Sports
9m
More to Explore
Quiz From the Vault
Featured Blog Post
Where Did the Easter Bunny Come From?
hide this ad
You Might Also Like...
Tags
Song Quiz
Figure Out the Lyrics
Mystery
Today's Top Quizzes in Music
Browse Music
hide this ad
Today's Top Quizzes in Song
Browse Song
Top Contributed Quizzes in Music
1
Taylor Swift All Songs (2024)
2
Taylor Swift Logic Puzzle
3
Guess the Artist- 70s Songs
4
7-to-1: Billboard Hot 100 #1 Hits of 2010s
5
Sorting Albums and Songs
6
Billboard Blitz: Aretha Franklin
7
KPOP LOGIC QUIZ
8
Guess the Taylor Swift song (Mystery Song)
9
Guess The Taylor Swift Lyrics Song #1
10
Billboard Blitz: ABBA
Explore More
Trending Topics
Harry Potter
Crossword
Disney
Kpop
Anime
Marvel
NBA
The Office
NFL
Song
Country
WWE
Puzzle
Soccer
Pokémon
hide this ad
More By:
jblanch
Quiz
Plays
Rating
Category
Featured
Created
Juliet's Dramatic Balcony Monologue
39,521
4.61
Literature
Mar 15, 2011
Fictional Newspapers
20,233
3.88
Miscellaneous
Jan 26, 2011
Harry Potter Mystery Excerpt
4,430
4.12
Literature
Aug 7, 2011
Figure Out the Lyrics: Elton John
3,530
3.46
Music
Mar 12, 2011
Harry Potter Things Challenge
934
3.00
Literature
Jan 27, 2011
Go to Creator's Profile
Score Distribution
Quiz Creator Spotlight
jblanch
Follow
Send a Message
Quizzes Created
-
Created Quiz Play Count
-
More By This Creator
Popular Quizzes Today
1
Find the US States - No Outlines Minefield
2
Find the Countries of Europe - No Outlines Minefield
3
The Countries of the World
4
Find the US States
5
Risky Map Clicking: Biggest States A-Z
6
US States
7
Popular People in 1961
8
Movies - When Are They Set?
More Music Quizzes
Album LogiCossword: The Beatles
Curator's Pick
Trending Quizzes
Risky Map Clicking: Least Populous States A-Z
Billboard Blitz: Aretha Franklin
Famous Russians: Author or Composer?
1-10 Letter G Words
Countries of the World: 200 Million BC
Recently Updated
Leaping Animals
pecheneg
Reality TV Shows (A-Z)
bhenderson79
Rickey Henderson's Hall of Fame Teammates
pecheneg
Champions League XIs: Arsenal
pecheneg
Quick Pick: Celebrities in WWE's Hall of Fame
aduchscher
A-Z Keypad Blitz II
pecheneg
Multiple Oscar Actors
pecheneg
Mystery Phrase Blitz: Oscar 'Best Actors'
pecheneg
F. Scott Fitzgerald Novels
LTH
Pick 3 Villains
ddd62291
Trending Topics
NBA
Disney
Anime
Kpop
Harry Potter
Marvel
Crossword
Song
Soccer
Pokémon
NFL
WWE
Puzzle
The Office
Country
Your Account Isn't Verified!
In order to create a playlist on Sporcle, you need to verify the email address you used during registration. Go to your
Sporcle Settings
to finish the process.
Report this User
Report this user for behavior that violates our
Community Guidelines
.
Details:
Send Report
Go to the Sporcle.com Mobile Site →
Comments